| 000 | 00695cab a2200205 4500 | ||
|---|---|---|---|
| 001 | ABS39013 | ||
| 008 | 090401t1988 xxu||||| |||| 00| 0 eng d | ||
| 035 | _a(Sirsi) u13789 | ||
| 041 | _aeng | ||
| 100 | _aWells, D. | ||
| 245 | _aSystem manages to form new standards | ||
| 260 | _c1988 | ||
| 350 | _a0 | ||
| 490 |
_aContract Journal _v21 April 1988, 30-33(3) |
||
| 520 | _aDiscusses the proliferation of non-standard forms bred by the growth in construction management which threatens the status quo by producing sloppy contracting methods which lead to disputes. | ||
| 650 | _aBANWELL REPORT | ||
| 690 | _aBUILT ENVIRONMENT-BUILDING CONTRACT FORMS | ||
| 942 | _n0 | ||
| 948 | _c04/03/1997 | ||
| 999 |
_c8888 _d8888 |
||